Examining the determinants influencing financial performance in industrial firms on the Copperbelt, Zambia (Record no. 85101)

MARC details
000 -LEADER
fixed length control field 00836 a2200229 4500
003 - CONTROL NUMBER IDENTIFIER
control field CBULib
005 - DATE AND TIME OF LATEST TRANSACTION
control field 20240628093559.0
008 - FIXED-LENGTH DATA ELEMENTS--GENERAL INFORMATION
fixed length control field 240628b |||||||| |||| 00| 0 eng d
040 ## - CATALOGING SOURCE
Language of cataloging English
Transcribing agency CBULib
Description conventions rda
050 ## - LIBRARY OF CONGRESS CALL NUMBER
Classification number CBU-PG THESIS/CHI
Item number B85101
100 ## - MAIN ENTRY--PERSONAL NAME
Personal name Chishimba, Mumbi
245 ## - TITLE STATEMENT
Title Examining the determinants influencing financial performance in industrial firms on the Copperbelt, Zambia
Statement of responsibility, etc / by Mumbi Chishimba
260 ## - PUBLICATION, DISTRIBUTION, ETC. (IMPRINT)
Name of publisher, distributor, etc Copperbelt University:
Date of publication, distribution, etc 2023
Place of publication, distribution, etc Kitwe,
300 ## - PHYSICAL DESCRIPTION
Extent xi, 87 pages : illustrations
336 ## - CONTENT TYPE
Source rdacontent
Content type term Text |
Content type code txt
337 ## - MEDIA TYPE
Source rdamedia
Media type term Unmediated |
Media type code n
338 ## - CARRIER TYPE
Source rdacarrier
Carrier type term Volume
Carrier type code nc
500 ## - GENERAL NOTE
General note includes bibliographical references and appendices
650 #0 - SUBJECT ADDED ENTRY--TOPICAL TERM
9 (RLIN) 1719
Topical term or geographic name as entry element FINANCIAL PERFORMANCE
650 #0 - SUBJECT ADDED ENTRY--TOPICAL TERM
9 (RLIN) 3036
Topical term or geographic name as entry element BUSINESS AND ECONOMICS INDUSTRIAL MANAGEMENT
942 ## - ADDED ENTRY ELEMENTS (KOHA)
Source of classification or shelving scheme
Koha item type UNIVERSITY COLLECTION
Holdings
Withdrawn status Lost status Source of classification or shelving scheme Damaged status Not for loan Permanent Location Current Location Shelving location Date acquired Source of acquisition Total Checkouts Full call number Barcode Date last seen Copy number Price effective from Koha item type
          CBU-MAIN LIBRARY, KITWE. CBU-MAIN LIBRARY, KITWE. Special Collections 06/28/2024 CBU   CBU-PG THESIS/CHI B85101 06/28/2024 1 06/28/2024 UNIVERSITY COLLECTION